[Event "Salon de Provence op 3rd"]
[Site "Salon de Provence"]
[Date "2008.04.17"]
[Round "5"]
[White "Busson, Benoist"]
[Black "Le Floch, Xavier"]
[Result "1-0"]
[WhiteElo "2031"]
[BlackElo "1805"]
[PlyCount "41"]
[EventDate "2008.04.14"]
[EventType "swiss"]
[EventRounds "7"]
[EventCountry "FRA"]
[SourceTitle "CBM 123 Extra"]
[Source "ChessBase"]
[SourceDate "2008.05.06"]
[SourceVersion "1"]
[SourceVersionDate "2008.05.06"]
[SourceQuality "1"]

1. e4 d6 2. d4 Nf6 3. Nc3 g6 4. Bg5 c6 5. Qd2 b5 6. Bd3 Bg7 7. Nge2 Nbd7 8. f3 0-0 9. Bh6 Qa5 10. Bxg7 Kxg7 11. h4 b4 12. Nd1 c5 13. h5 Rh8 14. hxg6 hxg6 15. Rxh8 Kxh8 16. Ne3 Ba6 17. Kf2 Kg7 18. Rh1 Rh8 19. Nf5+ Kg8 20. Rxh8+ Kxh8 21. Qh6+ 1-0